| 000 | 00747nam a2200193 a 4500 | ||
|---|---|---|---|
| 001 | BRCA_2847 | ||
| 005 | 20190320204009.0 | ||
| 008 | 101208s1823----mx-#---###---#000-0#spa-u | ||
| 050 | 4 |
_aF1232 _b.B87 1823 |
|
| 245 | 1 | 0 |
_aCuadro Histórico de la Revolución de la América Mejicana _b[30 cartas] dedicadas a la buena memoria del señor don José María Morelos _cCarlos María de Bustamante, editor. |
| 260 |
_aPuebla, México _bOficina del Gobierno Imperial _c1823 |
||
| 300 |
_a1 v. _c25 cm. |
||
| 500 | _aB2 | ||
| 600 | 1 | 4 |
_aMorelos y Pavón, José María _d1765-1815 _97961 |
| 651 | 4 |
_aMéxico _xHistoria _yGuerra de Independencia, 1810-1821 _97962 |
|
| 700 | 1 |
_aBustamante, Carlos María de _d1774-1848 _eed _9555 |
|
| 902 | _aGFM | ||
| 942 |
_2lcc _cB |
||
| 999 |
_c2586 _d2586 |
||